Loading...
Devatha /
| Main Author: | |
|---|---|
| Format: | Printed Book |
| Language: | English |
| Published: |
Kottayam:
Mangala,
c1973.
|
| Subjects: |
| LEADER | 00475 a2200145 4500 | ||
|---|---|---|---|
| 008 | 150103s9999 000 0 eng | ||
| 082 | |a 812 | ||
| 100 | |a Gopinath, Koduthuruth | ||
| 245 | |a Devatha / | ||
| 260 | |a Kottayam: |b Mangala, |c c1973. | ||
| 300 | |a 110 p. | ||
| 650 | |a Malayalam drama | ||
| 942 | |c BK | ||
| 999 | |c 304776 |d 304776 | ||
| 952 | |0 0 |1 0 |2 ddc |4 0 |6 M_812_000000000000000_GOP_DE |7 0 |9 349401 |a DRA |b DRA |c ST1 |d 2011-09-15 |g 2.50 |i 239 |l 0 |o M 812 GOP/DE |p DRA239 |r 2019-01-03 |w 2019-01-03 |y BK | ||